000 00784nam a2200253Ia 4500
003 OSt
005 20220928130403.0
006 a|||||r|||| 00| 0
007 ta
008 220927b |||||||| |||| 00| 0 eng d
020 _c3331.6700000000001
024 _a127945
037 _b87, 29/12/2015, Aviva Books Company
_cTextual
040 _aSDCL
_cSDCL
_beng
041 _2eng
_aeng
082 _aX652, Q5
100 _aKarlson Lawrence C.
_9473783
245 0 _aCorporate value creation
_b An operations framework for nonfinancial managers
260 _aHoboken
_bWiley
_c2015
300 _axx;627p.
_ccm.
650 _aFinancial Studies
942 _hX652, Q5
_cTEXL
_2CC
999 _c786377
_d786377